| 000 | 00481nam a2200181Ia 4500 | ||
|---|---|---|---|
| 008 | 230917s9999||||xx |||||||||||||| ||und|| | ||
| 020 | _cRS899 | ||
| 040 |
_e242859 _aMAIN |
||
| 041 | _aEnglish | ||
| 082 | _a005.453 A68C(2) | ||
| 100 | _aAho, Alferd V | ||
| 245 | 0 | _aCompilers: Principles, techniques and toolLam, | |
| 250 | _a2nd ed. | ||
| 260 |
_aogySantha _bPearson _c2017 |
||
| 300 | _a948 p. | ||
| 500 | _a2907 03/11/2017 HBD17/7077 07/11/2017 Main Budget | ||
| 942 | _cBK | ||
| 999 |
_c24329 _d24329 |
||